Normal view
MARC view
Entry Topical Term
001 - CONTROL NUMBER
- control field: 2970
003 - CONTROL NUMBER IDENTIFIER
- control field: BD-RjUL
005 - DATE AND TIME OF LATEST TRANSACTION
- control field: 20220512115643.0
008 - FIXED-LENGTH DATA ELEMENTS
- fixed length control field: 220512|| aca||aabn | a|a d
040 ## - CATALOGING SOURCE
- Original cataloging agency: BD-RjUL
- Transcribing agency: BD-RjUL
150 ## - HEADING--TOPICAL TERM
- Topical term or geographic name entry element: লোকসাহিত্য
- Form subdivision: ইতিহাস
- Geographic subdivision: বাংলাদেশ
- Chronological subdivision: (১৯৪৭-১৯৭১)
670 ## - SOURCE DATA FOUND
- Source citation: Work cat.: (BD-RjUL)79792: আক্তার, মোছা : নাসিমা 2969, বাংলা উপন্যাসে লোকউপাদান (১৯৪৭-১৯৭১) ;, ২০০৮